[Event "Tourn. n9549"]
[Site "www.chess-mail.com"]
[Date "2018.01.03"]
[Round "1"]
[White "Azulmarino"]
[Black "Redapond1"]
[WhiteElo "1600"]
[BlackElo "1650"]
[Result "0-1"]
[Round "1"]
1.e4 e5
2.Ng1f3 Nb8c6
3.a3 Bf8c5
4.Nb1c3 Ng8f6
5.Bf1c4 O-O
6.h3 d6
7.d3 Bc8e6
8.Bc1g5 h6
9.Bg5h4 Nc6d4
10.O-O Be6xc4
11.Bh4xf6 Qd8xf6
12.dxc4 Nd4xf3
13.Qd1xf3 Qf6xf3
14.gxf3 f6
15.Nc3d5 c6
16.Nd5c7 Ra8c8
17.Nc7e6 Rf8e8
18.Ne6xc5 dxc5
19.Ra1d1 Rc8d8
20.Rd1a1 Rd8d2
21.Ra1c1 Re8d8
22.Kg2 Rd8b8
23.Rf1d1 Rb8d8
24.Rd1e1 Rd8d4
25.b4 Rd4xc4
26.c3 Rd2d3
27.Re1e3 Rd3xe3
28.fxe3 cxb4
29.axb4 c5
30.Rc1d1 Rc4xc3
31.Kg3 cxb4
32.Kh4 b3
33.Kh5 Rc3xe3
34.Kg6 Kf8
35.Rd1b1 Re3xf3
36.Rb1c1 Rf3g3
37.Kf5 Ke7
{ resign }
0-1

[Event "Tourn. n9606"]
[Site "www.chess-mail.com"]
[Date "2018.01.03"]
[Round "1"]
[White "Falcoale"]
[Black "Dussek"]
[WhiteElo "2000"]
[BlackElo "1820"]
[Result "1-0"]
[Round "1"]
1.e4 e6
2.Ng1f3 Nb8c6
3.Bf1c4 d6
4.O-O Bf8e7
5.c3 Ng8f6
6.d3 O-O
7.h3 Nc6a5
8.Bc4b3 Na5xb3
9.axb3 b6
10.Nb1a3 Bc8a6
11.c4 Qd8d7
12.Bc1f4 e5
13.Bf4h2 c6
14.Na3c2 Ba6b7
15.Nf3d2 c5
16.f4 exf4
17.Bh2xf4 Rf8e8
18.Nc2e3 g6
19.Qd1f3 Be7f8
20.Bf4h2 Bf8g7
21.Qf3d1 Bg7h6
22.Bh2f4 Bh6xf4
23.Rf1xf4 Nf6h5
24.Rf4f3 Nh5g7
25.Ne3d5 Bb7xd5
26.exd5 Ng7f5
27.Nd2e4 Kg7
28.Rf3f2 h6
29.Qd1d2 b5
30.Ra1f1 Re8f8
31.Qd2f4 Ra8e8
32.Ne4c3 b4
33.Nc3e4 Qd7e7
34.g4 Nf5d4
35.Ne4xd6 Nd4e2
36.Rf2xe2 Qe7xe2
37.Nd6xe8 Qe2xe8
38.Qf4f2 Qe8e7
39.Rf1e1 Qe7d6
40.Qf2e3 a5
41.Qe3e5 Qd6xe5
42.Re1xe5 f6
43.Re5e6 Rf8f7
44.Re6c6 Rf7e7
45.Kf2 Re7a7
46.Rc6xc5 a4
47.bxa4 Ra7xa4
48.Rc5c7 Kf8
49.d6 Ke8
50.c5 Ra4a2
51.c6 Ra2xb2
52.Ke3 Rb2c2
53.d7 Kd8
54.Rc7c8 { resign }
1-0

[Event "Tourn. n9639"]
[Site "www.chess-mail.com"]
[Date "2018.01.03"]
[Round "1"]
[White "Rosario"]
[Black "Pariolinius"]
[WhiteElo "1499"]
[BlackElo "1670"]
[Result "0-1"]
[Round "1"]
1.e4 e6
2.d4 d5
3.e5 c5
4.Ng1f3 Nb8c6
5.g3 Qd8b6
6.Bf1g2 Ng8e7
7.c3 Ne7g6
8.O-O Bf8e7
9.a3 Bc8d7
10.Bc1e3 Qb6xb2
11.Nb1d2 Qb2xc3
12.Qd1b3 Qc3xb3
 { time }
0-1

[Event "Match"]
[Site "www.echecsemail.com"]
[Date "2018.01.03"]
[Round "1"]
[White "Apdash"]
[Black "Iko"]
[WhiteElo "2270"]
[BlackElo "1620"]
[Result "1-0"]
[Round "1"]
1.d4 d5
2.Ng1f3 Nb8c6
3.e3 Bc8g4
4.Nb1d2 Qd8d6
5.Bf1e2 Bg4xf3
6.Be2xf3 Qd6e6
7.O-O O-O-O
8.a3 Qe6h6
9.c4 e5
10.cxd5 Bf8d6
11.dxc6 e4
12.cxb7 Kb8
13.g3 exf3
14.Qd1xf3 f6
15.Nd2c4 Bd6e7
16.Nc4a5 Qh6g5
17.Na5c6 Kxb7
18.Nc6xd8 Kc8
19.Nd8f7 Qg5b5
20.Nf7xh8 Ng8h6
21.e4 Qb5e8
22.Bc1xh6 gxh6
23.Qf3f5 Kb7
24.Qf5e6 Qe8f8
25.Ra1c1 Be7d8
26.Qe6d5 c6
27.Qd5xc6 Kb8
28.Qc6c8 
1-0

[Event "Match"]
[Site "www.echecsemail.com"]
[Date "2018.01.03"]
[Round "1"]
[White "Mystakerchon"]
[Black "Billyg"]
[WhiteElo "1389"]
[BlackElo "1740"]
[Result "0-1"]
[Round "1"]
1.d4 d6
2.b3 Nb8c6
3.Ng1f3 f6
4.e3 a6
5.Bc1b2 e5
6.d5 Nc6e7
7.Nb1c3 Bc8g4
8.Bf1e2 c6
9.e4 Qd8a5
10.a3 O-O-O
11.b4 Qa5b6
12.O-O c5
13.b5 Bg4xf3
14.gxf3 f5
15.Nc3a4 Qb6c7
16.Qd1d3 Qc7a5
17.Qd3c4 axb5
18.Qc4xb5 Qa5xb5
19.Be2xb5 Kb8
20.Ra1b1 Ne7g6
21.Bb2c3 Ng6f4
22.Rf1e1 fxe4
23.fxe4 Ng8f6
24.Bb5a6 Rd8d7
25.Rb1b2 Ka7
26.Ba6b5 Rd7f7
27.Re1b1 Nf6xe4
28.Bb5c4 Nf4h3
29.Kg2 Ne4g5
 { time }
0-1

[Event "Match"]
[Site "www.echecsemail.com"]
[Date "2018.01.03"]
[Round "1"]
[White "Gidi5"]
[Black "Ditto"]
[WhiteElo "2290"]
[BlackElo "1840"]
[Result "1-0"]
[Round "1"]
1.e4 e5
2.Ng1f3 Nb8c6
3.Bf1c4 Ng8f6
4.Nf3g5 d5
5.exd5 Nc6d4
6.c3 Nd4f5
7.O-O Nf5d6
8.Bc4b3 Nf6g4
9.d4 e4
10.Bb3a4 b5
11.Ba4c2 Bc8f5
12.f3 Ng4f6
13.fxe4 Bf5xe4
14.Ng5xe4 Nf6xe4
15.Bc2xe4 Bf8e7
16.Qd1f3 O-O
17.Be4c2 Be7f6
18.Bc1f4 Nd6c4
19.b3 Nc4b6
20.Qf3d3 g6
21.Qd3xb5 a6
22.Qb5c6 Ra8c8
23.Bf4h6 Bf6g7
24.Bh6xg7 Kxg7
25.c4 Qd8g5
26.Rf1e1 Qg5f4
27.Re1d1 Qf4e3
28.Kh1 Rf8e8
29.Nb1d2 Qe3xd4
30.Nd2f3 Qd4f4
31.Qc6c5 Nb6d7
32.Qc5d4 Qf4xd4
33.Nf3xd4 Nd7c5
34.Rd1e1 Re8d8
35.b4 Nc5d7
36.Re1e7 Nd7f6
37.Nd4e6 Kg8
38.Ne6xd8 Rc8xd8
39.Re7xc7 Nf6e8
40.Rc7a7 Rd8d6
41.Ra7a8 Kf8
42.Ra1e1 { resign }
1-0

[Event "Match"]
[Site "www.echecsemail.com"]
[Date "2018.01.03"]
[Round "1"]
[White "Gvladutz"]
[Black "Tartan"]
[WhiteElo "2480"]
[BlackElo "2450"]
[Result "1-0"]
[Round "1"]
1.d4 Ng8f6
2.c4 e6
3.Ng1f3 d5
4.Bc1g5 Bf8e7
5.e3 h6
6.Bg5h4 O-O
7.Nb1c3 Nb8d7
8.Qd1c2 c5
9.cxd5 cxd4
10.Nf3xd4 Nf6xd5
11.Bh4xe7 Nd5xe7
12.Bf1d3 Nd7c5
13.Ra1d1 e5
14.Bd3h7 Kh8
15.Nd4b5 Qd8b6
16.b4 Nc5a6
17.a3 Na6c7
18.Nb5xc7 Qb6xc7
19.Nc3d5 Ne7xd5
20.Rd1xd5 Qc7e7
21.Bh7f5 f6
22.O-O Bc8xf5
23.Qc2xf5 Rf8d8
24.Rf1d1 Rd8xd5
25.Rd1xd5 Ra8d8
26.e4 Qe7c7
27.g3 b6
28.Kg2 Kg8
29.h3 Kf8
30.Qf5f3 Rd8e8
31.Qf3d1 Qc7c4
32.Qd1g4 Qc4c8
33.Rd5d7 Re8e7
34.Rd7xa7 Qc8xg4
35.Ra7a8 Kf7
36.hxg4 Re7c7
37.b5 Rc7c5
38.a4 Rc5c4
39.Ra8a7 Kg6
40.f3 Rc4c2
41.Kf1 Rc2a2
42.Ke1 Ra2a3
43.Ke2 Ra3a2
44.Kd3 h5
45.gxh5 Kxh5
46.Ra7a6 Ra2a3
47.Kc4 { resign }
1-0

[Event "Match"]
[Site "www.echecsemail.com"]
[Date "2018.01.03"]
[Round "1"]
[White "Gidi5"]
[Black "Add"]
[WhiteElo "2340"]
[BlackElo "2150"]
[Result "1-0"]
[Round "1"]
1.e4 d6
2.d4 c6
3.Nb1c3 h6
4.Bf1c4 e6
5.Ng1f3 Nb8d7
6.O-O Nd7b6
7.Bc4d3 Ng8f6
8.Qd1e2 a6
9.Rf1d1 Bf8e7
10.e5 Nf6d5
11.Nc3xd5 cxd5
12.Bc1f4 Qd8c7
13.b3 Nb6d7
14.Ra1c1 b5
15.c4 bxc4
16.bxc4 Qc7b6
17.exd6 Be7f6
18.c5 Qb6a7
19.c6 Nd7b6
20.d7 Nb6xd7
21.cxd7 Bc8xd7
22.Rc1c7 Qa7b6
23.Rd1b1 Qb6a5
24.Rb1b7 Ra8d8
25.Bd3xa6 O-O
26.Rc7xd7 Rd8xd7
27.Rb7xd7 Qa5a4
28.Ba6b5 Qa4a8
29.Nf3e5 Bf6xe5
30.Bf4xe5 Rf8c8
31.h4 { resign }
1-0

[Event "Match"]
[Site "www.echecsemail.com"]
[Date "2018.01.03"]
[Round "1"]
[White "Jopesilo"]
[Black "Joaodelisboa"]
[WhiteElo "1499"]
[BlackElo "1899"]
[Result "0-1"]
[Round "1"]
1.e4 c5
2.Ng1f3 e6
3.d4 cxd4
4.Nf3xd4 Ng8f6
5.Nb1c3 d6
6.Bc1e3 a6
7.f3 Bf8e7
8.Qd1d2 O-O
9.O-O-O Bc8d7
10.g4 Qd8c7
11.h4 Nb8c6
12.h5 Nc6xd4
13.Qd2xd4 e5
14.Qd4b6 Qc7xb6
15.Be3xb6 Bd7c6
16.Bf1c4 Nf6d7
17.Bb6c7 Rf8c8
18.Bc7xd6 Be7g5
19.Kb1 b5
20.Bc4b3 a5
21.a3 Nd7b6
22.Bd6xe5 b4
23.Nc3d5 Nb6d7
24.Be5d4 bxa3
25.f4 Bg5d8
26.bxa3 Ra8b8
27.Kc1 Rb8xb3
28.Bd4b2 Rb3b8
29.g5 Nd7c5
30.Rh1e1 Bc6d7
31.Nd5e3 Rb8b7
32.Ne3f5 Rc8b8
33.Bb2e5 Bd8c7
34.Be5xc7 Rb7xc7
35.Rd1d5 Bd7e6
36.Rd5d6 Nc5xe4
37.Re1xe4 Be6xf5
38.Re4e2 Rc7c5
39.Re2d2 Kf8
40.Rd6d4 Rb8c8
41.Rd4d8 Rc8xd8
42.Rd2xd8 Ke7
43.Rd8d2 f6
44.Kb2 Rc5xc2
45.Rd2xc2 Bf5xc2
46.Kxc2 fxg5
47.fxg5 Ke6
48.a4 Kf5
49.g6 hxg6
50.hxg6 Kxg6
51.Kd3 Kf5
52.Ke3 g5
53.Kf3 Ke5
{ resign }
0-1

[Event "Match"]
[Site "www.echecsemail.com"]
[Date "2018.01.03"]
[Round "1"]
[White "Stevep84"]
[Black "Ztornad"]
[WhiteElo "2220"]
[BlackElo "1670"]
[Result "1-0"]
[Round "1"]
1.e4 e5
2.Ng1f3 f6
3.Nf3xe5 Bf8d6
4.Qd1h5 g6
5.Ne5xg6 hxg6
6.Qh5xh8 Kf8
7.Bf1c4 Ke7
8.Qh8g7 { resign }
1-0

[Event "Match"]
[Site "www.echecsemail.com"]
[Date "2018.01.03"]
[Round "1"]
[White "Aniruddhadg"]
[Black "Calponas"]
[WhiteElo "1809"]
[BlackElo "2140"]
[Result "1-0"]
[Round "1"]
1.c4 e5
2.Nb1c3 f5
3.d4 e4
4.g3 Ng8f6
5.Bf1g2 d5
6.cxd5 Nf6xd5
7.Ng1h3 Bf8e7
8.f3 Nd5xc3
9.bxc3 exf3
10.Bg2xf3 O-O
11.O-O Nb8d7
12.Nh3f4 Nd7f6
13.Qd1b3 Kh8
14.Nf4e6 Bc8xe6
15.Qb3xe6 Qd8d7
16.Qe6xd7 Nf6xd7
17.Ra1b1 Ra8b8
18.Rb1xb7 Rb8xb7
19.Bf3xb7 Rf8b8
20.Bb7c6 Nd7f6
21.Rf1xf5 Rb8b1
22.Rf5f1 Rb1a1
23.e4 { resign }
1-0

[Event "Fast Game"]
[Site "www.echecsemail.com"]
[Date "2018.01.03"]
[Round "1"]
[White "Apdash"]
[Black "Add"]
[WhiteElo "2080"]
[BlackElo "1910"]
[Result "1-0"]
[Round "1"]
1.d4 d5
2.Ng1f3 Nb8c6
3.g3 h6
4.Bf1g2 Ng8f6
5.O-O e6
6.Rf1e1 Bf8d6
7.Nb1d2 e5
8.dxe5 Nc6xe5
9.e4 Bc8e6
10.exd5 Be6g4
11.Nf3xe5 Bg4xd1
12.Ne5c6 Kd7
13.Nc6xd8 Ra8xd8
14.Re1xd1 Kc8
15.Nd2e4 Nf6xe4
16.Bg2xe4 g6
17.c4 f5
18.Be4f3 h5
19.h4 Rd8e8
20.Bc1g5 Rh8f8
21.Rd1e1 Kd7
22.Re1xe8 Rf8xe8
23.a3 b6
24.Kf1 Re8f8
25.Ra1e1 Rf8e8
26.Re1xe8 Kxe8
27.b4 Kd7
28.Ke2 a5
29.Bg5d2 axb4
30.axb4 Ke7
31.Kd3 Kd7
32.Kd4 Ke7
33.c5 bxc5
34.bxc5 { resign }
1-0

[Event "Tourn. n9659"]
[Site "www.chess-mail.com"]
[Date "2018.01.04"]
[Round "1"]
[White "Falcoale"]
[Black "Cereus"]
[WhiteElo "1870"]
[BlackElo "1809"]
[Result "0-1"]
[Round "1"]
1.e4 c5
2.Ng1f3 d6
3.Bf1c4 e6
4.a3 Ng8f6
5.d3 Nb8c6
6.O-O Bf8e7
7.h3 O-O
8.Nb1c3 a6
9.Bc4a2 b5
10.Nc3e2 Bc8b7
11.Ne2g3 Qd8c7
12.Nf3h2 Ra8d8
13.f4 d5
14.e5 Nf6d7
15.Qd1g4 c4
16.dxc4 dxc4
17.Kh1 Nc6d4
18.Ba2b1 Qc7c6
19.Rf1f2 f5
20.Qg4d1 Nd7c5
21.Qd1f1 Be7h4
22.Rf2f3 Nd4xf3
23.Nh2xf3 Bh4xg3
24.Bc1e3 Rf8f7
25.Nf3g5 Rd8d1
26.Qf1xd1 Qc6xg2

0-1

[Event "Tourn. n9642"]
[Site "www.chess-mail.com"]
[Date "2018.01.04"]
[Round "1"]
[White "Madz123456"]
[Black "Falcoale"]
[WhiteElo "1720"]
[BlackElo "1790"]
[Result "1-0"]
[Round "1"]
1.e4 c5
2.Ng1f3 Nb8c6
3.Bf1b5 a6
4.Bb5xc6 bxc6
5.O-O Bc8b7
6.Nb1c3 d6
7.e5 dxe5
8.Nf3xe5 f6
9.Qd1h5 g6
10.Ne5xg6 { resign }
1-0

[Event "Tourn. n9673"]
[Site "www.chess-mail.com"]
[Date "2018.01.04"]
[Round "1"]
[White "Rons"]
[Black "Apdash"]
[WhiteElo "2690"]
[BlackElo "2330"]
[Result "1-0"]
[Round "1"]
1.e4 c5
2.Ng1f3 d6
3.d4 cxd4
4.Nf3xd4 Nb8c6
5.Nb1c3 a6
6.Bc1e3 Ng8f6
7.f3 g6
8.Nd4xc6 bxc6
9.Bf1c4 Bf8g7
10.e5 Nf6d5
11.Nc3xd5 cxd5
12.Bc4xd5 Ra8b8
13.exd6 Bg7xb2
14.dxe7 Qd8xe7
15.Bd5c6 Kf8
16.Qd1e2 Bb2c3
17.Kf2 Qe7h4
18.g3 Qh4f6
19.Be3h6 Kg8
20.Qe2e8 { resign }
1-0

[Event "Tourn. n9639"]
[Site "www.chess-mail.com"]
[Date "2018.01.04"]
[Round "1"]
[White "Redapond1"]
[Black "Passaroa25"]
[WhiteElo "1660"]
[BlackElo "1680"]
[Result "1-0"]
[Round "1"]
1.d4 Nb8c6
2.Ng1f3 d5
3.Bc1f4 e6
4.Nb1c3 Bc8d7
5.e3 Ng8e7
6.Bf1b5 Ne7g6
7.O-O Bf8e7
8.Bb5d3 O-O
9.Nc3b5 Ng6xf4
10.exf4 a6
11.Nb5c3 Be7f6
12.Nf3e5 Nc6xd4
13.Bd3xh7 Kxh7
14.Qd1xd4 Bd7e8
15.Rf1e1 c6
16.Re1e3 g6
17.Ra1d1 b5
18.g4 Rf8h8
19.g5 Bf6xe5
20.Qd4xe5 Rh8f8
21.Re3h3 Kg8
22.Rh3h8 
1-0

[Event "Tourn. n9543"]
[Site "www.chess-mail.com"]
[Date "2018.01.04"]
[Round "1"]
[White "Aperturaf"]
[Black "Tartan"]
[WhiteElo "2630"]
[BlackElo "2460"]
[Result "1-0"]
[Round "1"]
1.e4 e6
2.d4 d5
3.Bf1d3 dxe4
4.Bd3xe4 Ng8f6
5.Be4f3 c5
6.Ng1e2 Nb8c6
7.Bc1e3 cxd4
8.Ne2xd4 Nc6e5
9.Nb1c3 Bf8e7
10.Qd1e2 Ne5xf3
11.Qe2xf3 O-O
12.O-O-O Qd8a5
13.g4 Be7b4
14.g5 Nf6d7
15.Nd4e2 Nd7e5
16.Qf3e4 Ne5c6
17.a3 Bb4e7
18.h4 Rf8d8
19.Rd1xd8 Qa5xd8
20.Kb1 Qd8a5
21.h5 Be7xg5
22.h6 g6
23.b4 Qa5d8
24.Rh1d1 Qd8e7
25.Be3xg5 Qe7xg5
26.b5 f5
27.Qe4a4 Nc6e7
28.Rd1d8 Kf7
29.Qa4c4 Qg5xh6
30.Qc4c7 Kf6
31.Rd8e8 Qh6g7
32.Qc7d6 Qg7f7
33.Re8xe7 { resign }
1-0

[Event "Tourn. n9678"]
[Site "www.chess-mail.com"]
[Date "2018.01.04"]
[Round "1"]
[White "Caspito"]
[Black "Jjmcbride"]
[WhiteElo "1900"]
[BlackElo "1630"]
[Result "1-0"]
[Round "1"]
1.e4 e5
2.Ng1f3 Bf8d6
3.c3 c6
4.d4 f6
5.Bf1c4 b5
6.Bc4b3 b4
7.Nf3h4 Ng8e7
8.Qd1h5 g6
9.Qh5h6 Rh8f8
10.Qh6xh7 g5
11.Qh7h5 Ne7g6
12.Qh5xg6 { resign }
1-0

[Event "Tourn. n9654"]
[Site "www.chess-mail.com"]
[Date "2018.01.04"]
[Round "1"]
[White "Bojan"]
[Black "Add"]
[WhiteElo "2060"]
[BlackElo "2160"]
[Result "1/2-1/2"]
[Round "1"]
1.e4 d6
2.d4 c6
3.c4 Ng8f6
4.Nb1c3 h6
5.Bc1e3 e6
6.Bf1d3 e5
7.d5 c5
8.h3 Qd8b6
9.b3 a6
10.Ng1e2 Nf6h5
11.f4 Bf8e7
12.fxe5 dxe5
13.g4 Be7h4
14.Kd2 Nh5g3
15.Rh1g1 Ng3xe2
16.Qd1xe2 Bh4e7
17.Kc2 Nb8d7
18.Rg1f1 Nd7f6
19.Qe2h2 Qb6d6
20.Nc3a4 b6
21.Na4c3 Bc8d7
22.a4 a5
23.Rf1f3 Nf6h7
24.Ra1f1 f6
25.Nc3b5 Bd7xb5
26.cxb5 Kd7
27.h4 Kc7
28.Qh2g2 Rh8f8
29.Rf3g3 g5
30.hxg5 hxg5
31.Rg3h3 Rf8h8
32.Rf1h1 Ra8e8
33.Rh3xh7 Rh8xh7
34.Rh1xh7 Kb8
35.Qg2h3 Qd6d8
36.Qh3h5 Re8f8
37.Qh5g6 Qd8e8
38.Qg6f5 Rf8h8
39.Rh7xh8 Qe8xh8
40.Qf5e6 Qh8d8
41.Be3f2 Qd8d6
42.Qe6f5 Kc7
43.Bd3e2 Kb7
44.Kc3 Kc7
45.Qf5g6 Qd6d8
46.Bf2g3 Qd8d7
47.Qg6f7 Kb7
48.Be2c4 Kc7
49.Bg3e1 Kb7
50.Qf7e6 Qd7d6
51.Kd3 Kc7
52.Qe6g8 Qd6d8
53.Qg8xd8 { draw }
1/2-1/2

[Event "Tourn. n9628"]
[Site "www.chess-mail.com"]
[Date "2018.01.04"]
[Round "1"]
[White "Vios"]
[Black "Joaodelisboa"]
[WhiteElo "2230"]
[BlackElo "2170"]
[Result "1-0"]
[Round "1"]
1.e4 c5
2.Nb1c3 g6
3.Ng1f3 Nb8c6
4.Bf1b5 Bf8g7
5.O-O a6
6.Bb5xc6 bxc6
7.d3 d6
8.h3 Ng8f6
9.Bc1g5 O-O
10.Qd1d2 Ra8b8
11.Ra1b1 e5
12.a3 Bc8d7
13.Rf1d1 Qd8c7
14.b4 cxb4
15.axb4 Rb8b7
16.d4 Rf8b8
17.dxe5 dxe5
18.Qd2d3 Rb8a8
19.Nc3a4 Rb7b8
20.Bg5xf6 Bd7e6
21.Bf6xg7 Kxg7
22.Na4c5 { resign }
1-0

[Event "Tourn. n9662"]
[Site "www.chess-mail.com"]
[Date "2018.01.04"]
[Round "1"]
[White "Abuelo"]
[Black "Francesco"]
[WhiteElo "2100"]
[BlackElo "2130"]
[Result "1-0"]
[Round "1"]
1.e4 c6
2.Nb1c3 d5
3.exd5 cxd5
4.Bf1b5 Nb8c6
5.Qd1f3 Ng8f6
6.d3 Bc8g4
7.Qf3g3 e6
8.Bc1g5 Bg4h5
9.Ng1h3 a6
10.Bb5xc6 bxc6
11.Nh3f4 Bf8d6
12.Bg5xf6 Qd8xf6
13.Nf4xh5 Bd6xg3
14.Nh5xf6 { resign }
1-0

[Event "Match"]
[Site "www.echecsemail.com"]
[Date "2018.01.04"]
[Round "1"]
[White "Ll69"]
[Black "Lcbunghai"]
[WhiteElo "2040"]
[BlackElo "1970"]
[Result "1-0"]
[Round "1"]
1.Ng1f3 Ng8f6
2.c4 e6
3.g3 d5
4.Bf1g2 c5
5.cxd5 exd5
6.O-O Nb8c6
7.d4 cxd4
8.Nf3xd4 Bf8e7
9.Nb1c3 O-O
10.Bc1e3 a6
11.Ra1c1 Rf8e8
12.Qd1a4 h6
13.Nd4xc6 bxc6
14.Qa4xc6 Bc8d7
15.Qc6b7 Bd7e6
16.Rf1d1 Ra8b8
17.Qb7xa6 Rb8xb2
18.Be3d4 Rb2b4
19.Bd4xf6 Be7xf6
20.Nc3xd5 Be6xd5
21.Bg2xd5 Qd8b8
22.a4 Rb4b2
23.e3 Re8f8
24.a5 Qb8e5
25.Qa6d3 Rb2b8
26.a6 Qe5e7
27.Rc1b1 Rb8xb1
28.Rd1xb1 Rf8d8
29.Rb1b7 Qe7c5
30.a7 Rd8xd5
31.Rb7b8 { resign }
1-0

[Event "Match"]
[Site "www.echecsemail.com"]
[Date "2018.01.04"]
[Round "1"]
[White "Gidi5"]
[Black "Fangshuo"]
[WhiteElo "2240"]
[BlackElo "2040"]
[Result "1-0"]
[Round "1"]
1.e4 e6
2.d4 d5
3.Nb1c3 Bf8b4
4.e5 Ng8e7
5.a3 Bb4xc3
6.bxc3 O-O
7.Bf1d3 c5
8.Qd1h5 g6
9.Qh5h6 c4
10.Ng1f3 { resign }
1-0

[Event "Match"]
[Site "www.echecsemail.com"]
[Date "2018.01.04"]
[Round "1"]
[White "Guidom"]
[Black "Gidi5"]
[WhiteElo "2120"]
[BlackElo "2340"]
[Result "1/2-1/2"]
[Round "1"]
1.e4 e5
2.Ng1f3 Nb8c6
3.Bf1b5 a6
4.Bb5a4 Ng8f6
5.d3 b5
6.Ba4b3 Bf8c5
7.O-O O-O
8.Bc1g5 Nc6a5
9.Nb1c3 Na5xb3
10.axb3 h6
11.Bg5h4 g5
12.Bh4g3 d6
13.Nc3xb5 Bc8g4
14.Nb5c3 Nf6h5
15.Nc3d5 f5
16.exf5 Rf8xf5
17.Nd5e3 Bc5xe3
18.fxe3 Nh5xg3
19.hxg3 Qd8e8
20.Qd1d2 Qe8h5
21.e4 Rf5f6
22.Nf3h2 Rf6xf1
23.Ra1xf1 Bg4e6
24.Rf1f6 Ra8e8
25.Qd2f2 Qh5d1
26.Nh2f1 Kg7
27.Kh2 Re8e7
28.Nf1e3 Qd1h5
29.Kg1 Re7f7
30.Rf6xf7 Qh5xf7
31.Qf2xf7 Kxf7
32.b4 c6
33.g4 Kf6
34.Ne3f5 Be6xf5
35.gxf5 h5
36.Kf2 d5
37.c4 d4
38.b3 g4
39.g3 Ke7
40.Ke2 Kd6
41.Kd2 Ke7
{ draw }
1/2-1/2

[Event "Match"]
[Site "www.echecsemail.com"]
[Date "2018.01.04"]
[Round "1"]
[White "Apdash"]
[Black "Fangshuo"]
[WhiteElo "2310"]
[BlackElo "2040"]
[Result "0-1"]
[Round "1"]
1.e4 b6
2.d4 Bc8b7
3.d5 c6
4.c4 cxd5
5.cxd5 Nb8a6
6.Ng1f3 Ng8f6
7.Nb1c3 e6
8.dxe6 fxe6
9.Bc1g5 Bf8e7
10.Nf3e5 O-O
11.Bg5xf6 Be7xf6
12.Ne5xd7 Bf6xc3
13.bxc3 Rf8xf2
14.Kxf2 Qd8h4
15.g3 Qh4xe4
16.Nd7f6 gxf6
17.Rh1g1 Qe4f5
18.Ke1 Qf5e5
19.Kf2 Na6c5
20.Bf1g2 Qe5f5
21.Ke2 Bb7a6
22.Ke1 Nc5d3
23.Kd2 Ra8d8
24.Ke3 Qf5f2
{ resign }
0-1

[Event "1/64 Finale"]
[Site "www.chess-mail.com"]
[Date "2018.01.04"]
[Round "1"]
[White "Begory"]
[Black "Hennie4820"]
[WhiteElo "1530"]
[BlackElo "2040"]
[Result "0-1"]
[Round "1"]
1.d4 Ng8f6
2.Bc1f4 g6
3.Nb1c3 Bf8g7
4.Ng1f3 O-O
5.Nc3b5 d6
6.d5 c6
7.dxc6 bxc6
8.Nb5c3 Bc8a6
9.e3 Ba6xf1
10.Rh1xf1 Nb8d7
11.e4 e5
12.Bf4g5 Qd8c7
13.Qd1d3 Nd7c5
14.Qd3d1 Nf6xe4
15.Nc3xe4 Nc5xe4
16.Bg5e3 d5
17.Nf3d2 Ne4xd2
18.Qd1xd2 f5
19.O-O-O Ra8b8
20.f3 d4
21.Be3g5 e4
22.Qd2xd4 Bg7xd4
23.Rd1xd4 Qc7b6
24.b3 Qb6xd4
{ resign }
0-1

[Event "Fast Game"]
[Site "www.echecsemail.com"]
[Date "2018.01.04"]
[Round "1"]
[White "Hennie4820"]
[Black "Cereus"]
[WhiteElo "1660"]
[BlackElo "1599"]
[Result "0-1"]
[Round "1"]
1.e4 c5
2.Ng1f3 d6
3.d4 cxd4
4.Nf3xd4 Ng8f6
5.Nb1c3 a6
6.Bf1e2 e5
7.Nd4b3 Bf8e7
8.Bc1e3 Bc8e6
9.Nc3d5 Nb8d7
10.Nd5xe7 Qd8xe7
11.f3 d5
12.exd5 Nf6xd5
13.Be3f2 O-O
14.O-O Ra8c8
15.c3 Rf8d8
16.Nb3d2 Nd5f4
17.Qd1e1 Nd7c5
18.Ra1d1 Nf4d3
19.Be2xd3 Nc5xd3
20.Qe1e2 Nd3xb2
21.Rd1b1 Nb2a4
22.Nd2e4 Be6c4
23.Qe2c2 Bc4xf1
24.Rb1xf1 b5
25.g4 Rc8c4
 { time }
0-1

[Event "Fast Game"]
[Site "www.echecsemail.com"]
[Date "2018.01.04"]
[Round "1"]
[White "Cereus"]
[Black "Fabos12"]
[WhiteElo "1599"]
[BlackElo "1720"]
[Result "1-0"]
[Round "1"]
1.e4 e6
2.d4 d5
3.Nb1d2 a6
4.Ng1f3 Nb8c6
5.c3 h6
6.Bf1d3 Bf8e7
7.O-O dxe4
8.Nd2xe4 Ng8f6
9.Ne4xf6 Be7xf6
10.Bc1f4 g5
11.Bf4c1 Bf6e7
12.Rf1e1 b5
13.a4 Ra8b8
14.axb5 axb5
15.Qd1e2 b4
16.Bd3b5 Bc8d7
17.c4 b3
18.d5 Nc6b4
19.dxe6 fxe6
20.Nf3e5 Bd7xb5
21.Qe2h5 { resign }
1-0

[Event "Tourn. n9599"]
[Site "www.chess-mail.com"]
[Date "2018.01.05"]
[Round "1"]
[White "Prize64"]
[Black "Falcoale"]
[WhiteElo "2000"]
[BlackElo "2000"]
[Result "1-0"]
[Round "1"]
1.e4 c5
2.Nb1c3 e6
3.g3 Nb8c6
4.Bf1g2 b6
5.d3 Bc8b7
6.Bc1e3 Ra8b8
7.Ng1e2 Ng8f6
8.h3 Bf8e7
9.f4 O-O
10.O-O d5
11.exd5 Nf6xd5
12.Be3f2 Nd5xc3
13.bxc3 Be7f6
14.Ra1b1 Nc6e7
15.Bg2xb7 Rb8xb7
16.d4 cxd4
17.cxd4 Rb7d7
18.c3 Ne7d5
19.Qd1d3 Rd7c7
20.g4 Qd8c8
21.Rf1c1 Rf8d8
22.Kg2 Rd8d6
23.Bf2e3 Nd5xe3
24.Qd3xe3 Bf6e7
25.Qe3e4 Rd6c6
26.Rb1b5 Qc8a6
27.Rc1b1 Qa6xa2
28.Rb1b2 Qa2c4
29.f5 exf5
30.gxf5 Be7f6
31.Qe4e8 { resign }
1-0

[Event "Tourn. n9653"]
[Site "www.chess-mail.com"]
[Date "2018.01.05"]
[Round "1"]
[White "Claudia"]
[Black "Louis"]
[WhiteElo "1970"]
[BlackElo "1960"]
[Result "0-1"]
[Round "1"]
1.e4 c6
2.d4 d5
3.e5 Bc8f5
4.Bf1d3 Bf5xd3
5.Qd1xd3 e6
6.Ng1f3 Nb8d7
7.O-O Ng8e7
8.Bc1g5 h6
9.Bg5h4 g5
10.Bh4g3 Ne7f5
11.Nb1d2 h5
12.h4 g4
13.Nf3g5 Bf8e7
14.f4 Nf5xd4
15.Kh2 Nd4f5
16.Bg3f2 Be7xg5
17.hxg5 h4
18.Kg1 g3
19.Bf2e1 Nd7c5
20.Qd3a3 Qd8b6
21.Kh1 O-O-O
22.c4 h3
23.Nd2f3 Nc5e4
24.gxh3 Rh8xh3
25.Kg2 Rd8h8
26.cxd5 Nf5e3
{ resign }
0-1

[Event "Tourn. n9687"]
[Site "www.chess-mail.com"]
[Date "2018.01.05"]
[Round "1"]
[White "Sociopath"]
[Black "Bojan"]
[WhiteElo "1809"]
[BlackElo "1950"]
[Result "1-0"]
[Round "1"]
1.e4 d6
2.d4 c6
3.Nb1c3 g6
4.h4 h5
5.Ng1f3 Bc8g4
6.Qd1d3 f6
7.Bc1e3 Bf8g7
8.O-O-O Qd8c7
9.e5 Bg4f5
10.Qd3c4 d5
11.Nc3xd5 Qc7a5
12.Nd5f4 Nb8d7
13.Bf1d3 fxe5
14.Bd3xf5 exf4
15.Bf5xg6 Kd8
16.Be3xf4 Bg7h6
17.Nf3g5 Kc8
18.d5 c5
19.Bg6f5 Ng8f6
20.d6 Rh8e8
21.Qc4e6 exd6
22.Qe6xf6 Bh6xg5
23.Bf5xd7 { resign }
1-0

[Event "Tourn. n9571"]
[Site "www.chess-mail.com"]
[Date "2018.01.05"]
[Round "1"]
[White "Osopanda"]
[Black "Llcervello"]
[WhiteElo "1620"]
[BlackElo "1640"]
[Result "1-0"]
[Round "1"]
1.e4 e5
2.Ng1f3 d6
3.d4 Bc8g4
4.dxe5 dxe5
5.Qd1xd8 Kxd8
6.Nf3xe5 Bg4e6
7.Nb1c3 Nb8d7
8.f4 Ng8f6
9.Bf1e2 Nd7c5
10.Bc1e3 Kc8
11.f5 Nc5xe4
12.Nc3xe4 Be6xf5
13.Ne4xf6 gxf6
14.Ne5xf7 Rh8g8
15.O-O Bf5h3
16.Rf1f2 b6
17.Nf7h6 Rg8g6
18.Nh6f5 Kb7
19.Be2f3 c6
20.Ra1d1 Ka6
21.Nf5h4 Rg6g7
22.Kf1 Ra8e8
23.Be3h6 Rg7g8
24.Bh6xf8 Re8xf8
25.gxh3 Rg8g5
26.Bf3xc6 Rg5h5
27.Rd1d4 Rh5c5
28.Rd4a4 Rc5a5
29.Ra4xa5 Kxa5
30.Rf2f4 b5
31.a4 Kb6
32.axb5 a6
33.c4 a5
34.Nh4f5 Kc5
35.Rf4h4 a4
36.Rh4xh7 Kxc4
37.Rh7a7 Kb3
38.b6 Rf8b8
39.b7 Kxb2
40.Ra7xa4 { resign }
1-0

[Event "Tourn. n9622"]
[Site "www.chess-mail.com"]
[Date "2018.01.05"]
[Round "1"]
[White "Pachi"]
[Black "Cal"]
[WhiteElo "1660"]
[BlackElo "1690"]
[Result "1-0"]
[Round "1"]
1.e4 e5
2.Ng1f3 d6
3.g3 Bc8g4
4.Bf1g2 Ng8f6
5.d3 h6
6.O-O Nb8c6
7.c3 Bf8e7
8.d4 Nf6xe4
9.Qd1d3 f5
10.dxe5 O-O
11.exd6 cxd6
12.Nf3d4 Nc6e5
13.Qd3b5 a6
14.Qb5xb7 Ne5d3
15.f3 Bg4xf3
16.Bg2xf3 Nd3c5
17.Qb7d5 Kh8
18.b4 Nc5d3
19.Bc1e3 Nd3e5
20.Nd4e6 Qd8e8
21.Ne6xf8 Be7xf8
22.Bf3xe4 fxe4
23.Qd5xe4 Ra8c8
24.a4 Qe8e6
25.b5 axb5
26.axb5 Rc8c4
27.Rf1xf8 Qe6g8
28.Rf8xg8 Kxg8
29.Qe4d5 { resign }
1-0

[Event "Tourn. n9623"]
[Site "www.chess-mail.com"]
[Date "2018.01.05"]
[Round "1"]
[White "Llcervello"]
[Black "Mozgegorov"]
[WhiteElo "1660"]
[BlackElo "1729"]
[Result "0-1"]
[Round "1"]
1.d4 d5
2.c3 Ng8f6
3.Nb1d2 Nb8c6
4.f3 Bc8f5
5.g3 e6
6.Qd1b3 Nc6a5
7.Qb3a4 c6
8.b3 b5
9.Qa4xa5 Qd8xa5
10.Bc1b2 Bf8e7
11.a3 Qa5b6
12.g4 Bf5g6
13.h4 h6
14.a4 bxa4
15.Ra1xa4 Bg6c2
16.e3 Bc2xb3
17.Nd2xb3 Qb6xb3
18.Ra4a6 Qb3xb2
19.Ng1e2 O-O
20.Kf2 Nf6d7
21.Ra6xc6 a5
22.Bf1g2 Qb2b7
23.g5 Qb7xc6
24.gxh6 gxh6
25.f4 Nd7f6
26.Bg2f3 Kh7
27.Ne2g3 Qc6xc3
28.e4 Qc3xd4
29.Kg2 dxe4
30.Bf3d1 Rf8g8
31.Kh3 Rg8xg3
32.Kxg3 Qd4e3
33.Kg2 Ra8g8
34.Kf1 Be7c5
35.Rh1h2 Rg8g1
{ resign }
0-1